Uruguay : EIU Country report May 2007.
| Format: | Book |
|---|---|
| Published: |
London:
The Economist Intelligence,
2007.
|
| Subjects: |
| LEADER | 00421cam a2200145 7i4500 | ||
|---|---|---|---|
| 001 | 0000019452 | ||
| 005 | 20070625090000.0 | ||
| 022 | 0 | 0 | |a 1473-8988 |
| 090 | 0 | 0 | |a URUG 330.9 |b URU |
| 245 | 0 | 0 | |a Uruguay : |b EIU Country report May 2007. |
| 260 | 0 | 0 | |a London: |b The Economist Intelligence, |c 2007. |
| 300 | # | # | |a 28 p. |
| 650 | 0 | 0 | |a Uruguay -- |x Country report |
| 651 | 0 | 0 | |a Uruguay |
| 999 | |a B000020492 |b Book |c Countries |e Business Information Centre | ||